[Event "Titled Tue 26th Aug Early"]
[Site "chess.com INT"]
[Date "2025.08.26"]
[Round "1"]
[White "Buchenau, Frank"]
[Black "Iskusnyh, Sergei"]
[Result "1-0"]
[WhiteTitle "FM"]
[BlackTitle "GM"]
[WhiteElo "2205"]
[BlackElo "2440"]
[WhiteFideId "4604350"]
[BlackFideId "4120027"]
[EventDate "2025.08.26"]

1. e4 e6 2. d4 d5 3. Nd2 c5 4. exd5 Qxd5 5. Ngf3 cxd4 6. Bc4 Qd6 7. O-O Nf6 8.
Nb3 Nc6 9. Nbxd4 Nxd4 10. Qxd4 Qxd4 11. Nxd4 Bd7 12. Be2 Bc5 13. Nb3 Bb6 14. Bf3
O-O-O 15. c4 Bc6 16. Bxc6 bxc6 17. Bg5 Rd3 18. Bxf6 gxf6 19. Rfd1 Rxd1+ 20. Rxd1
Rg8 21. c5 Bc7 22. Kf1 Rg5 23. g3 h5 24. Rd4 Re5 25. f4 Rf5 26. Ke2 e5 27. fxe5
fxe5 28. Ra4 Kb7 29. Na5+ Bxa5 30. Rxa5 Rg5 31. b4 Rg4 32. b5 cxb5 33. Rxb5+ Kc6
34. Ra5 f5 35. Rxa7 Kxc5 36. Rf7 h4 37. gxh4 f4 38. Kf3 Rxh4 39. Ke4 Rh5 40. Re7
Kd6 41. Re8 Rh3 42. Rd8+ Ke6 43. Re8+ Kf6 44. Rf8+ Ke7 45. Rf5 Re3+ 46. Kd5 f3
47. h4 e4 48. a4 Re1 49. h5 1-0

[Event "Titled Tue 26th Aug Early"]
[Site "chess.com INT"]
[Date "2025.08.26"]
[Round "1"]
[White "Turcsanyi, Vince Gergo"]
[Black "Smirnov, Mark"]
[Result "1-0"]
[WhiteTitle "FM"]
[BlackTitle "FM"]
[WhiteElo "2297"]
[BlackElo "2359"]
[WhiteFideId "791784"]
[BlackFideId "13764594"]
[EventDate "2025.08.26"]

1. d4 Nf6 2. c4 b6 3. Nc3 Bb7 4. Qc2 d5 5. cxd5 Nxd5 6. Nxd5 Qxd5 7. Nf3 Nd7 8.
e3 c5 9. Bc4 Qh5 10. Be2 Qg6 11. Qxg6 hxg6 12. O-O e6 13. b3 Bd6 14. h3 Nf6 15.
Bb2 Ke7 16. Rfd1 Rhd8 17. Rac1 Rac8 18. Ba3 Ne4 19. dxc5 Bxc5 20. Bxc5+ Rxc5 21.
Rxc5 Rxd1+ 22. Bxd1 Nxc5 23. Bc2 Bxf3 24. gxf3 g5 25. b4 Nb7 26. Kf1 Kd6 27. Ke2
Ke5 28. Kd3 Nd6 29. Bb3 f5 30. a4 f4 31. e4 Ne8 32. a5 Kd6 33. Kc4 Nc7 34. axb6
axb6 35. Kd4 Nb5+ 36. Kc4 Na7 37. Kd4 Nc6+ 38. Kc3 Ke5 39. b5 Nd4 40. Bd1 Nxb5+
41. Kb4 Nd6 42. Be2 Kd4 43. Ba6 e5 44. Be2 Nxe4 45. fxe4 Kxe4 46. Kc4 Kf5 47.
Kd5 g6 48. Bd3+ Kf6 49. Ke4 Ke6 50. Bc4+ Kd6 51. Bf7 b5 52. Bxg6 b4 53. Bf7 Ke7
54. Bb3 Kd6 55. Ba2 Kc5 56. Kxe5 Kb5 57. Kf5 Ka4 58. Kxg5 Ka3 59. Bd5 1-0

[Event "Titled Tue 26th Aug Early"]
[Site "chess.com INT"]
[Date "2025.08.26"]
[Round "1"]
[White "Droin, Augustin"]
[Black "Maghsoodloo, Parham"]
[Result "0-1"]
[WhiteTitle "IM"]
[BlackTitle "GM"]
[WhiteElo "2481"]
[BlackElo "2695"]
[WhiteFideId "45105987"]
[BlackFideId "12539929"]
[EventDate "2025.08.26"]

1. e4 c5 2. Nf3 Nc6 3. Bb5 g6 4. O-O Bg7 5. Re1 Nf6 6. e5 Nd5 7. Nc3 Nc7 8. Bxc6
bxc6 9. Ne4 Ne6 10. d3 h6 11. b3 d5 12. Ng3 a5 13. a4 c4 14. dxc4 dxc4 15. Qxd8+
Kxd8 16. Rd1+ Kc7 17. Ba3 c5 18. Ne4 Bb7 19. Nxc5 Nxc5 20. Bxc5 Bxf3 21. gxf3
Bxe5 22. Rac1 Kc6 23. Bxe7 Rhe8 24. Ba3 Bf4 25. Rb1 c3 26. Bc1 Bxc1 27. Rbxc1
Kc5 28. Rd7 Re2 29. Rxf7 Kb4 30. Kf1 Rd2 31. Ra1 Rxc2 32. Rb7+ Kc5 33. Rb5+ Kd4
34. Rd1+ Rd2 35. Rxd2+ cxd2 36. Ke2 Kc3 37. Rc5+ Kxb3 38. Kxd2 Kxa4 39. Rc6 Rg8
40. Kc2 Kb5 41. Rf6 Rc8+ 42. Kb3 Rc6 43. Rf4 h5 44. h4 Kc5 45. Ka4 Ra6 46. Rf8
Kd5 47. Re8 Re6 48. Rd8+ Ke5 49. Kxa5 Rf6 50. Rd3 Rf4 51. Kb5 Rxh4 52. Kc6 Rh1
53. Kd7 h4 54. Ke7 h3 55. Kf7 h2 56. f4+ Kxf4 57. Rh3 g5 58. Kg6 g4 59. Rh8 g3
60. fxg3+ Kxg3 0-1

[Event "Titled Tue 26th Aug Early"]
[Site "chess.com INT"]
[Date "2025.08.26"]
[Round "1"]
[White "Purtseladze, Maka"]
[Black "Livaic, Leon"]
[Result "0-1"]
[WhiteTitle "IM"]
[BlackTitle "GM"]
[WhiteElo "2261"]
[BlackElo "2550"]
[WhiteFideId "13602659"]
[BlackFideId "14531534"]
[EventDate "2025.08.26"]

1. d4 d6 2. e4 Nf6 3. Nc3 e5 4. dxe5 dxe5 5. Qxd8+ Kxd8 6. Bg5 Nd7 7. O-O-O c6
8. Bc4 Ke8 9. f3 h6 10. Bh4 Bc5 11. Nge2 b5 12. Bb3 a5 13. a3 Be3+ 14. Kb1 Nc5
15. Rd6 Nxb3 16. cxb3 Bd7 17. Rhd1 Bc5 18. R6d2 g5 19. Bg3 Be6 20. Bxe5 Ke7 21.
Nc1 Rhc8 22. Bd6+ Bxd6 23. Rxd6 Nd7 24. b4 axb4 25. axb4 Ne5 26. b3 f6 27. Kb2
Rc7 28. R6d2 c5 29. Nxb5 Rb7 30. Nd6 Rxb4 31. Kc3 Rab8 32. Rb2 Rd4 33. Rbd2 Kxd6
34. Rxd4+ cxd4+ 35. Rxd4+ Ke7 36. b4 Nc6 37. Rd2 Nxb4 38. Rb2 Nc6 39. Rxb8 Nxb8
40. Nd3 Nd7 41. Kd4 Kd6 42. g3 Ne5 43. Ne1 g4 44. f4 Nf3+ 45. Nxf3 gxf3 46. Ke3
Bg4 47. h3 Bxh3 48. Kxf3 h5 49. Ke3 Kc5 50. e5 fxe5 51. fxe5 Kd5 52. Kf4 Ke6 53.
Kg5 Bg4 54. Kf4 Bd1 55. Ke4 Be2 56. Kf4 Bd1 57. Ke4 Bg4 58. Kf4 Kd5 59. e6 Kxe6
60. Kg5 Ke5 61. Kh4 Ke4 62. Kg5 Kf3 63. Kh4 Kg2 0-1

[Event "Titled Tue 26th Aug Early"]
[Site "chess.com INT"]
[Date "2025.08.26"]
[Round "1"]
[White "Henriquez Villagra, Cristobal"]
[Black "Megalios, Konstantinos"]
[Result "1-0"]
[WhiteTitle "GM"]
[BlackTitle "IM"]
[WhiteElo "2592"]
[BlackElo "2383"]
[WhiteFideId "3409350"]
[BlackFideId "4238044"]
[EventDate "2025.08.26"]

1. e4 e5 2. Nf3 Nc6 3. g3 Nf6 4. d3 Bc5 5. Bg2 a5 6. Nc3 O-O 7. Be3 Bxe3 8. fxe3
d5 9. exd5 Nxd5 10. Qd2 Nxc3 11. Qxc3 Qd6 12. O-O Be6 13. Rf2 Qb4 14. Ng5 Bd7
15. Bd5 Qxc3 16. bxc3 Nd8 17. Raf1 Be8 18. a3 Ra6 19. Rf5 h6 20. Nf3 Nc6 21.
Nxe5 Ne7 22. Bxf7+ Bxf7 23. Rxf7 Rxf7 24. Nxf7 Re6 25. Nd8 Rxe3 26. Nxb7 Re2 27.
Rf2 Re1+ 28. Kg2 Ra1 29. Nxa5 Rxa3 30. Nc4 Rxc3 31. Kf3 Nd5 32. Ke4 Nb4 33. Ne3
Rc6 34. Ke5 Ra6 35. Kd4 Ra2 36. Kc3 Na6 37. Rf5 Ra1 38. Nc4 Rh1 39. Ra5 Rxh2 40.
Rxa6 Rg2 41. Rg6 Kf7 42. Ne5+ Kg8 43. d4 Kh7 44. Kd3 h5 45. Rg5 Kh6 46. Nf7+ Kh7
47. c4 Rf2 48. Ne5 Kh6 49. Rg6+ Kh7 50. Rc6 Rg2 51. Rxc7 Rxg3+ 52. Ke4 h4 53.
Rf7 h3 54. Rf1 Kh6 55. Rh1 Kh5 56. d5 g5 57. d6 Kh4 58. d7 Rg2 59. d8=Q Re2+ 60.
Kf5 Rf2+ 61. Kg6 1-0

[Event "Titled Tue 26th Aug Early"]
[Site "chess.com INT"]
[Date "2025.08.26"]
[Round "1"]
[White "Zozek Salah Mohammed"]
[Black "Pavlov, Nikolay"]
[Result "1/2-1/2"]
[WhiteTitle "FM"]
[BlackTitle "FM"]
[WhiteElo "2205"]
[BlackElo "2316"]
[WhiteFideId "4803361"]
[BlackFideId "24141470"]
[EventDate "2025.08.26"]

1. d4 Nf6 2. Nf3 b5 3. g3 Bb7 4. Bg2 e6 5. O-O a5 6. c4 bxc4 7. Nc3 d5 8. Ne5
Nfd7 9. Qa4 Bd6 10. e4 O-O 11. Nxd7 Nxd7 12. exd5 Nb6 13. Qb5 e5 14. Be3 Qd7 15.
Qxd7 Nxd7 16. Nb5 Ba6 17. Nxd6 cxd6 18. Rfc1 Rab8 19. Rc2 Rb7 20. Bf1 Rc8 21.
Bh3 Rcc7 22. Rac1 exd4 23. Bxd4 Nc5 24. Bxc5 Rxc5 25. Bg2 g6 26. h4 Kg7 27. Bf1
Rbc7 28. Bg2 Kf6 29. f4 Rb7 30. Kf2 Rcb5 31. Rxc4 Rxb2+ 32. R4c2 Bd3 33. Rxb2
Rxb2+ 34. Kf3 Rxa2 35. Bh3 Be2+ 36. Ke3 a4 37. Rc6 a3 38. Rxd6+ Kg7 39. Rd7 Bc4
40. Be6 Re2+ 41. Kd4 a2 42. Rxf7+ Kh8 43. Ra7 Re1 44. Kxc4 a1=Q 45. Rxa1 Rxa1
46. d6 Rd1 47. Kc5 Kg7 48. Kc6 Kf6 49. Bd5 Rc1+ 50. Kd7 Rd1 51. Bf3 Rd3 52. Bc6
Rxg3 53. Kc7 Rd3 54. d7 Ke7 55. Kc8 Rd6 56. Kc7 Rd2 57. Bb5 Rc2+ 58. Bc6 Rd2 59.
Bb5 Rd4 60. Bc6 Rd6 61. Bb5 Rd1 62. Bc6 Rd3 63. Bb5 Rd4 64. Bc6 Rd2 1/2-1/2

[Event "Titled Tue 26th Aug Early"]
[Site "chess.com INT"]
[Date "2025.08.26"]
[Round "1"]
[White "Karthik, Sai Ch"]
[Black "Sharipov, Davron"]
[Result "0-1"]
[WhiteTitle "CM"]
[BlackTitle "FM"]
[WhiteElo "2159"]
[BlackElo "2333"]
[WhiteFideId "46649484"]
[BlackFideId "14212358"]
[EventDate "2025.08.26"]

1. Nf3 d5 2. g3 c6 3. Bg2 Bg4 4. c4 Nd7 5. d4 e6 6. O-O Ngf6 7. Nc3 Bd6 8. Qd3
Bf5 9. Qd1 O-O 10. Nd2 Re8 11. e4 dxe4 12. Ndxe4 Nxe4 13. Nxe4 Be7 14. Be3 Nf6
15. Nxf6+ Bxf6 16. Qb3 Qd7 17. Rad1 Rad8 18. d5 cxd5 19. cxd5 b6 20. dxe6 Qxe6
21. Bd5 Qe7 22. Rfe1 Bg4 23. f3 Be6 24. Bxe6 fxe6 25. Bf4 Kf7 26. Kg2 h6 27. Rd3
Rxd3 28. Qxd3 Rd8 29. Qb3 Qd7 30. Re2 Qd5 31. Qa4 Rd7 32. h4 b5 33. Qa3 Qc4 34.
Qe3 Rd3 35. Qxa7+ Kg6 36. h5+ Kh7 37. Qa8 Rd5 38. Rf2 Rxh5 39. Qe8 Rf5 40. Rd2
e5 41. Be3 Qxa2 42. Qd7 Rh5 43. Qxb5 Qe6 44. Qd3+ Kh8 45. g4 e4 46. Qd7 exf3+
47. Kxf3 Rh3+ 48. Kg2 Rxe3 0-1

[Event "Titled Tue 26th Aug Early"]
[Site "chess.com INT"]
[Date "2025.08.26"]
[Round "1"]
[White "Zobel, Christian"]
[Black "Daulet, Alikhan"]
[Result "0-1"]
[WhiteTitle "CM"]
[BlackTitle "CM"]
[WhiteElo "2218"]
[BlackElo "2158"]
[WhiteFideId "16259068"]
[BlackFideId "13741632"]
[EventDate "2025.08.26"]

1. e4 e6 2. d4 d5 3. exd5 exd5 4. Bd3 Bd6 5. h3 Ne7 6. Nf3 O-O 7. O-O c6 8. c3
Bf5 9. Be3 Nd7 10. Qc2 Bxd3 11. Qxd3 Ng6 12. Nbd2 Re8 13. Rfe1 h6 14. c4 Nf6 15.
c5 Bc7 16. b4 a6 17. a4 Ne4 18. b5 axb5 19. axb5 f5 20. Rxa8 Qxa8 21. b6 Bb8 22.
Nb3 Qa2 23. Ra1 Qb2 24. Rb1 Nf4 25. Qxe4 fxe4 26. Rxb2 exf3 27. gxf3 Nxh3+ 28.
Kg2 Nf4+ 29. Kf1 Re7 30. Ra2 Ne6 31. Ra8 Re8 32. Na5 Kf7 33. Nxb7 Bf4 34. Ra7
Kf6 35. Na5 Bb8 36. Rd7 Rc8 37. b7 Rd8 38. Rxd8 Nxd8 39. Kg2 Kf5 40. Kh3 g5 41.
Kg2 h5 42. Kh3 Bc7 43. Bd2 Bb8 44. Kg2 g4 45. fxg4+ Kxg4 46. f3+ Kf5 47. Kh3 Kg6
48. Kh4 Bc7 49. Bg5 Ne6 50. Nxc6 Nxg5 51. b8=Q Bxb8 52. Nxb8 Nxf3+ 53. Kg3 Nxd4
54. c6 Nf5+ 55. Kf4 Ne7 56. c7 h4 57. Kg4 d4 58. Kxh4 Kf5 59. Na6 d3 60. Nb4 d2 0-1

[Event "Titled Tue 26th Aug Early"]
[Site "chess.com INT"]
[Date "2025.08.26"]
[Round "1"]
[White "Ienasoaie, Rafael"]
[Black "Arslanov, Shamil"]
[Result "1-0"]
[WhiteTitle "CM"]
[BlackTitle "IM"]
[WhiteElo "2168"]
[BlackElo "2410"]
[WhiteFideId "1266659"]
[BlackFideId "4192826"]
[EventDate "2025.08.26"]

1. d4 d6 2. Nc3 Nf6 3. Nf3 c6 4. e4 Qa5 5. Bd3 e5 6. Qe2 Bg4 7. dxe5 dxe5 8. h3
Bh5 9. Bd2 Qc7 10. g4 Bg6 11. O-O-O Nbd7 12. Nh4 b5 13. Nf5 b4 14. Nb1 a5 15. h4
h5 16. g5 Ng8 17. Rhf1 a4 18. f4 Ne7 19. Bc4 a3 20. Bxb4 axb2+ 21. Kxb2 Nxf5 22.
exf5 Bxb4 23. fxg6 fxg6 24. Qd3 O-O-O 25. Be6 Rhe8 26. Qxg6 Re7 27. Rd3 Kb8 28.
Rfd1 Qb6 29. Ka1 exf4 30. Qe4 Bc5 31. Qxf4+ Ka7 32. Bxd7 g6 33. Qa4+ Qa6 34.
Qxa6+ Kxa6 35. Bxc6 Rxd3 36. Rxd3 Re1 37. Kb2 Kb6 38. Bd5 Rf1 39. Be4 Rf4 40.
Bxg6 Rxh4 41. Rb3+ Kc7 42. a3 Rh2 43. Rc3 Kd6 44. Kb3 h4 45. Rd3+ Kc7 46. Bf5
Rg2 47. g6 Bd6 48. Nc3 Be5 49. Nb5+ Kb6 50. a4 Ka5 51. Re3 Bg7 52. Rh3 Bf6 53.
Nc3 Rg5 54. Bd3 Kb6 55. Ne4 Rxg6 56. Nxf6 Rxf6 57. Rxh4 Ka5 58. Rh5+ Kb6 59.
Rb5+ Ka7 60. Kb4 Rf4+ 61. Ka5 Rf6 62. Rd5 Rf7 63. Bb5 Rb7 64. Rd7 Ka8 65. Bc6
Kb8 66. Rxb7+ Kc8 67. Rh7 Kb8 68. Kb6 Kc8 69. Rh8# 1-0

[Event "Titled Tue 26th Aug Early"]
[Site "chess.com INT"]
[Date "2025.08.26"]
[Round "1"]
[White "Sovetbekova, Nurai"]
[Black "Ivannikov, Maksim"]
[Result "0-1"]
[WhiteTitle "WFM"]
[BlackTitle "CM"]
[WhiteElo "2027"]
[BlackElo "2100"]
[WhiteFideId "13801910"]
[BlackFideId "34275339"]
[EventDate "2025.08.26"]

1. d4 Nf6 2. c4 g6 3. Nc3 Bg7 4. e4 O-O 5. Nf3 d6 6. Be2 e5 7. d5 Na6 8. h3 Nc5
9. Qc2 a5 10. Be3 b6 11. Nd2 Ne8 12. g4 Kh8 13. O-O-O f5 14. gxf5 gxf5 15. f3
Qh4 16. Rdg1 Bh6 17. Nf1 Bxe3+ 18. Nxe3 Qh6 19. Qd2 fxe4 20. fxe4 Nf6 21. Nf1
Qh4 22. Ng3 Nfxe4 23. Ngxe4 Nxe4 24. Nxe4 Qxe4 25. Bd3 Qf4 26. Rf1 Qxd2+ 27.
Kxd2 Bd7 28. Ke3 Rae8 29. Be4 Kg7 30. Rhg1+ Kh6 31. h4 Bh3 32. Rxf8 Rxf8 33. Rg3
Bd7 34. b3 a4 35. b4 Rf1 36. Rg8 Re1+ 37. Kd3 Bh3 38. Bf3 Bf1+ 39. Kd2 Ra1 40.
Re8 Rxa2+ 41. Ke3 Ra3+ 42. Kf2 Bxc4 43. Re6+ Kg7 44. Re7+ Kf6 45. Rxc7 Ra2+ 46.
Kg3 Rc2 47. Rxh7 a3 48. Rh6+ Kg7 49. Rxd6 a2 50. Rd7+ Kf6 51. Ra7 Rc1 52. d6
a1=Q 53. Rxa1 Rxa1 54. d7 Ke7 55. Bc6 Be6 56. h5 Bxd7 57. Bxd7 Kxd7 58. Kg2 Ra8 0-1

[Event "Titled Tue 26th Aug Early"]
[Site "chess.com INT"]
[Date "2025.08.26"]
[Round "1"]
[White "Gomes, Luiz Alexandre de Souza"]
[Black "Mekhitarian, Krikor Sevag"]
[Result "0-1"]
[WhiteTitle "FM"]
[BlackTitle "GM"]
[WhiteElo "2254"]
[BlackElo "2549"]
[WhiteFideId "2102790"]
[BlackFideId "2107660"]
[EventDate "2025.08.26"]

1. e4 c5 2. Nf3 Nc6 3. Bb5 Nf6 4. d3 Qa5+ 5. Nc3 Nd4 6. Bc4 b5 7. Bb3 Nxb3 8.
cxb3 b4 9. Ne2 e6 10. O-O Be7 11. Bd2 O-O 12. a3 Qb5 13. Be3 Ba6 14. Nf4 d6 15.
a4 Qb7 16. Re1 Rfd8 17. h3 Rac8 18. Rc1 h6 19. Qd2 Bf8 20. Red1 e5 21. Ne2 d5
22. exd5 Rxd5 23. Ng3 Rxd3 24. Qc2 Qd5 25. Ne1 Rxd1 26. Rxd1 Qe6 27. Ne4 Nxe4
28. Qxe4 Qxb3 29. Rd7 Qc4 30. Qxc4 Bxc4 31. Rxa7 Rd8 32. Nf3 f6 33. Rc7 Rd1+ 34.
Kh2 Bd5 35. Bxc5 Bxc5 36. Rxc5 Bxf3 37. gxf3 Rd2 38. Kg3 Rxb2 39. Rb5 Kh7 40. a5
Kg6 41. Rb7 Ra2 42. Rxb4 Rxa5 43. f4 exf4+ 44. Rxf4 Rg5+ 45. Kh2 Rf5 46. Rg4+
Kf7 47. Rg2 Rf3 48. Kg1 Rxh3 49. Rg4 Rh5 50. Ra4 Rg5+ 51. Kf1 Rf5 52. Kg2 g5 53.
Ra8 h5 54. Rh8 h4 55. Ra8 Kg6 56. Ra6 Rf4 57. Ra5 Kh5 58. Ra8 Kg4 59. Ra3 f5 60.
Rb3 Rd4 61. Ra3 Kf4 62. Rf3+ Kg4 63. Ra3 Kh5 64. Ra5 Rf4 65. Ra3 g4 66. Ra8 h3+
67. Kg1 Rb4 68. Rg8 Kh4 69. Rg7 Rb1+ 70. Kh2 Rb2 71. Kg1 f4 72. Rg8 g3 73. Rh8+
Kg4 74. fxg3 Rb1+ 75. Kf2 fxg3+ 76. Ke3 h2 77. Rg8+ Kf5 78. Rf8+ Ke6 0-1

[Event "Titled Tue 26th Aug Early"]
[Site "chess.com INT"]
[Date "2025.08.26"]
[Round "1"]
[White "Krzywda, Andrzej"]
[Black "Dyachuk, Artem"]
[Result "0-1"]
[WhiteTitle "CM"]
[BlackTitle "FM"]
[WhiteElo "2149"]
[BlackElo "2298"]
[WhiteFideId "1114565"]
[BlackFideId "34107924"]
[EventDate "2025.08.26"]

1. e4 e5 2. Nf3 Nc6 3. Bc4 Nf6 4. d4 exd4 5. e5 d5 6. Bb5 Ne4 7. Nxd4 Bd7 8.
Bxc6 bxc6 9. O-O c5 10. Nb3 d4 11. Qe2 Bc6 12. Na5 Bd5 13. c4 dxc3 14. Nxc3 Nxc3
15. bxc3 c6 16. Nc4 Be7 17. Nd6+ Bxd6 18. exd6+ Kf8 19. Bf4 g5 20. Bg3 h5 21. h3
f6 22. Rab1 h4 23. Bh2 Qd7 24. Qa6 g4 25. Rb7 Qf5 26. Rxa7 Rxa7 27. Qxa7 Qe4 28.
Qe7+ Qxe7 29. dxe7+ Kxe7 30. hxg4 Ra8 31. Re1+ Kf7 32. Bd6 Ra4 33. f3 Ra5 34.
Re2 Bxa2 35. Kh2 Bc4 36. Re7+ Kg8 37. Rc7 Bd5 38. Kh3 Ra3 39. Kxh4 Rxc3 40. Kh5
Re3 41. Kg6 Re8 42. Rg7+ Kh8 43. Be7 Rg8 44. Bxf6 Rxg7+ 45. Bxg7+ Kg8 46. Bc3 c4
47. g5 c5 48. Be5 Bc6 49. Kh5 Kf7 50. Kh4 Ke6 51. Bc3 Kf5 52. f4 Kxf4 53. g6 Bd5
54. g7 Ke4 55. Kh5 Kd3 56. Bf6 c3 57. Kh6 c2 58. Bg5 Ke2 59. g4 Kf3 0-1

[Event "Titled Tue 26th Aug Early"]
[Site "chess.com INT"]
[Date "2025.08.26"]
[Round "1"]
[White "Popov, Tikhon"]
[Black "Vihaan Karthikeya N"]
[Result "1-0"]
[WhiteTitle "FM"]
[BlackTitle "CM"]
[WhiteElo "2335"]
[BlackElo "2179"]
[WhiteFideId "24252026"]
[BlackFideId "25950673"]
[EventDate "2025.08.26"]

1. e4 c5 2. Nf3 d6 3. Bb5+ Bd7 4. Bxd7+ Qxd7 5. O-O Nc6 6. c3 e6 7. d4 cxd4 8.
cxd4 d5 9. e5 Nge7 10. Nc3 Ng6 11. g3 Be7 12. h4 h5 13. Bg5 Bxg5 14. Nxg5 O-O-O
15. Nb5 Kb8 16. Nd6 Rdf8 17. Qd3 Ngxe5 18. dxe5 Nxe5 19. Qa3 f6 20. f4 Ng4 21.
Ngf7 Rxf7 22. Nxf7 Qxf7 23. Rac1 Rd8 24. Qc5 a6 25. Qb6 Qd7 26. Rc5 d4 27. Rfc1
d3 28. Rc7 Qd4+ 29. Qxd4 Rxd4 30. Rc8+ Ka7 31. R8c3 Ne3 32. Kf2 d2 33. Kxe3
dxc1=Q+ 34. Rxc1 Rb4 35. b3 Rb6 36. Rc7 g5 37. fxg5 fxg5 38. hxg5 Rb5 39. Rg7
Rf5 40. Ke4 Kb6 41. Rg6 Ka7 42. Rg8 a5 43. a4 Kb6 44. g6 Rg5 45. g7 Rxg3 46. Ke5
Rg6 47. Kd6 h4 48. Ke7 h3 49. Kf7 h2 50. Rh8 Rg2 51. Rxh2 Rxh2 52. g8=Q Rf2+ 53.
Kxe6 Re2+ 54. Kd5 Rd2+ 55. Kc4 Rc2+ 56. Kd3 Rc6 57. Qg1+ Ka6 58. Qf2 b6 59. Qf8
Rc5 60. Qa8# 1-0

[Event "Titled Tue 26th Aug Early"]
[Site "chess.com INT"]
[Date "2025.08.26"]
[Round "1"]
[White "Gong, Qianyun"]
[Black "Mushini, Ajay"]
[Result "1-0"]
[WhiteTitle "WGM"]
[BlackTitle "FM"]
[WhiteElo "2229"]
[BlackElo "2307"]
[WhiteFideId "8602425"]
[BlackFideId "35066188"]
[EventDate "2025.08.26"]

1. d4 Nf6 2. c4 e6 3. Nf3 Bb4+ 4. Nbd2 O-O 5. a3 Be7 6. e4 d5 7. e5 Ne4 8. Bd3
Nxd2 9. Qxd2 dxc4 10. Bxc4 b6 11. Qe2 Bb7 12. Be3 c5 13. Rd1 Qc7 14. O-O Nc6 15.
dxc5 Na5 16. Bd3 bxc5 17. Bb1 Rad8 18. Rc1 Nb3 19. Qc2 g6 20. Qxb3 Bxf3 21. gxf3
Qxe5 22. f4 Qh5 23. Be4 Bd6 24. Bg2 Qf5 25. Rc4 Rb8 26. Qc3 Be7 27. Bxc5 Bf6 28.
Bd4 Bxd4 29. Qxd4 Rfd8 30. Qc3 Rd3 31. Rc8+ Rxc8 32. Qxc8+ Kg7 33. Qc2 Qb5 34.
Re1 Rd4 35. Qc3 e5 36. fxe5 Rd3 37. Qb4 Qd7 38. Qe4 Rd4 39. Qf3 Rd2 40. Qf6+ Kh6
41. e6 fxe6 42. h4 Rd1 43. Qg5+ Kg7 44. Qe5+ Kh6 45. Rxd1 Qxd1+ 46. Kh2 Qg4 47.
Qg5+ Qxg5 48. hxg5+ Kxg5 49. b4 Kf4 50. a4 Ke5 51. Kg3 Kd4 52. Bf1 Kc3 53. b5
Kb4 54. Kf4 Kxa4 55. Bc4 Kb4 56. Be2 Kc5 57. Ke5 h5 58. Kxe6 h4 59. Bf1 h3 60.
Bxh3 Kxb5 61. Kf6 Kc5 62. Kxg6 Kd4 63. f4 Ke4 64. f5 a5 65. f6 a4 66. Be6 a3 67.
Ba2 Ke5 68. f7 1-0

[Event "Titled Tue 26th Aug Early"]
[Site "chess.com INT"]
[Date "2025.08.26"]
[Round "1"]
[White "Southcott-Moyers, Indy"]
[Black "Oluka Robert Mcligeyo"]
[Result "0-1"]
[WhiteTitle "FM"]
[BlackTitle "CM"]
[WhiteElo "2276"]
[BlackElo "2081"]
[WhiteFideId "488542"]
[BlackFideId "10814647"]
[EventDate "2025.08.26"]

1. Nf3 d5 2. d4 c5 3. e3 Nc6 4. Be2 Bg4 5. O-O Nf6 6. Nbd2 e6 7. a3 cxd4 8. exd4
Bd6 9. c3 O-O 10. h3 Bh5 11. Re1 Rc8 12. Nf1 Qc7 13. Ne3 Ne4 14. Nd2 Bh2+ 15.
Kf1 Bxe2+ 16. Qxe2 f5 17. Nf3 Bg3 18. Nd1 Bxf2 19. Nxf2 Ng3+ 20. Kg1 Nxe2+ 21.
Rxe2 Rce8 22. Nd3 Qb6 23. Bf4 Na5 24. Rae1 h6 25. Nfe5 Nc4 26. Nxc4 dxc4 27. Ne5
Rc8 28. Be3 Qb5 29. Ng6 Rfe8 30. Bf4 a5 31. h4 Qd5 32. h5 b5 33. Re5 Qc6 34. Rc5
Qb7 35. Rce5 b4 36. axb4 axb4 37. Rxe6 Qd7 38. d5 bxc3 39. bxc3 Rxe6 40. dxe6
Qb7 41. e7 Re8 42. Re5 Qd7 43. Kh2 Qd1 44. Re6 Qxh5+ 45. Kg1 Kf7 46. Rd6 Qxg6
47. Rxg6 Kxg6 48. Bd6 Kf7 49. Kf2 Rxe7 50. Bxe7 Kxe7 51. Ke3 Kd6 52. Kd4 g5 53.
Kxc4 h5 54. Kd4 f4 55. Ke4 Kc5 56. Kf5 h4 57. Kg4 Kc4 58. Kh3 Kxc3 59. Kh2 Kd2
60. Kh3 Ke3 61. Kh2 Kf2 62. Kh1 Kg3 63. Kg1 f3 64. gxf3 Kxf3 65. Kh2 g4 66. Kg1
g3 67. Kh1 h3 68. Kg1 g2 69. Kh2 Kf2 70. Kxh3 g1=Q 71. Kh4 Kf3 72. Kh5 Kf4 73.
Kh6 Kf5 74. Kh5 Qh1# 0-1

[Event "Titled Tue 26th Aug Early"]
[Site "chess.com INT"]
[Date "2025.08.26"]
[Round "1"]
[White "Lai, Duc Minh"]
[Black "Araujo Filho, Luiz Antonio Coel"]
[Result "1/2-1/2"]
[WhiteElo "2121"]
[BlackElo "2077"]
[WhiteFideId "12420387"]
[BlackFideId "2130661"]
[EventDate "2025.08.26"]

1. e4 c6 2. d4 d5 3. exd5 cxd5 4. Bd3 Nf6 5. c3 Nc6 6. Bf4 e6 7. Nf3 Be7 8. Nbd2
O-O 9. Qe2 a6 10. a4 Bd7 11. Ne5 Be8 12. O-O Rc8 13. Bg3 g6 14. Bf4 Kh8 15. Bh6
Rg8 16. Qf3 Nxe5 17. dxe5 Nd7 18. Rae1 Bf8 19. Bxf8 Rxf8 20. Kh1 Qc7 21. Qe3 Kg7
22. f4 Qb6 23. Qxb6 Nxb6 24. a5 Nd7 25. Nf3 Rc5 26. Ra1 Nb8 27. Ra3 Bb5 28. Bxb5
Rxb5 29. b4 Nc6 30. Rd1 Rd8 31. Nd4 Nxd4 32. Rxd4 Rc8 33. g4 f6 34. exf6+ Kxf6
35. Kg2 Rc4 36. Rxc4 dxc4 37. Kf3 Rd5 38. Ke4 Rd3 39. h4 h6 40. g5+ hxg5 41.
hxg5+ Ke7 42. Ke5 Kf7 43. Ra2 Rxc3 44. Rh2 Kg7 45. Kxe6 Rb3 46. Rd2 Rxb4 47.
Rd7+ Kg8 48. Kf6 c3 49. Kxg6 Rxf4 50. Rxb7 Kf8 51. Rc7 Rf3 52. Rc8+ Ke7 53. Kg7
Kd7 54. Rc4 Kd6 55. g6 Kd5 56. Rc7 Kd4 57. Rc6 Kd3 58. Kh7 Rh3+ 59. Kg8 c2 60.
g7 Kd2 61. Kf7 Rf3+ 62. Ke7 Rg3 63. Kf7 c1=Q 64. Rxc1 Kxc1 65. g8=Q Rxg8 66.
Kxg8 Kb2 67. Kf7 Ka3 68. Ke6 Kb4 69. Kd5 Kxa5 70. Kc4 Ka4 71. Kc3 Ka3 72. Kc2
Ka2 73. Kc1 a5 74. Kc2 a4 75. Kc1 Kb3 76. Kb1 a3 77. Ka1 a2 1/2-1/2

[Event "Titled Tue 26th Aug Early"]
[Site "chess.com INT"]
[Date "2025.08.26"]
[Round "1"]
[White "Nurgaliyev, Sauat"]
[Black "Kocharin, Timur"]
[Result "1/2-1/2"]
[WhiteTitle "IM"]
[BlackTitle "FM"]
[WhiteElo "2410"]
[BlackElo "2310"]
[WhiteFideId "13726285"]
[BlackFideId "16240936"]
[EventDate "2025.08.26"]

1. Nf3 Nf6 2. g3 g6 3. Bg2 Bg7 4. d3 d5 5. O-O O-O 6. Nbd2 Nc6 7. Rb1 a5 8. c4
d4 9. a3 a4 10. b4 axb3 11. Nxb3 e5 12. Nc5 Ra7 13. Nd2 Re8 14. Nxb7 Rxb7 15.
Bxc6 Rxb1 16. Nxb1 Re6 17. Bg2 e4 18. Bg5 e3 19. fxe3 dxe3 20. Nc3 h6 21. Bxf6
Rxf6 22. Nd5 Rxf1+ 23. Qxf1 Be6 24. Qf4 c5 25. h3 g5 26. Qc7 Qxc7 27. Nxc7 Bd7
28. Nd5 Bb2 29. Nb6 Be8 30. a4 Bc3 31. Nd5 Bd2 32. Nf6+ Kf8 33. Nxe8 Kxe8 34.
Be4 Ke7 35. Kg2 Ke6 36. g4 Ke5 37. Kf3 Kd4 38. Bc6 f6 39. Bb7 Ba5 40. Bc8 Be1
41. Kg2 Ba5 42. Bd7 Be1 43. Kf1 Ba5 44. Bc6 Bb4 45. Bd5 Ba5 46. Kg2 Bb4 47. Kg3
Ba5 48. Kf3 Bb4 49. Be4 Ba5 50. Bg6 Bc3 51. Bf7 Ba5 52. Be8 Bb4 53. Bd7 Be1 54.
Kg2 Ba5 55. h4 Bb4 56. hxg5 hxg5 57. Kf3 Ba5 58. Bc6 Bb4 59. Bb7 Ba5 60. Kg2 Bb4
61. Kf1 Ba5 62. Bc6 Bb4 63. Bd7 Ba5 64. Bb5 Bb4 65. Kg2 Ba5 66. Kf3 Bb4 67. Bd7
Ba5 68. Bf5 Bb4 69. Be4 Ba5 70. Bd5 Bb4 71. Be6 Ba5 72. Bf5 Bb4 73. Bg6 Ba5 74.
Bh7 Bb4 75. Bg8 Ba5 76. Bf7 Bb4 77. Bd5 Ba5 78. Bc6 Bb4 79. Bd7 1/2-1/2